| 000 | 00778nam a22002297a 4500 | ||
|---|---|---|---|
| 999 |
_c195599 _d195599 |
||
| 005 | 20230406162114.0 | ||
| 010 | _aENG-136632 | ||
| 020 |
_c2995.00 _a9788131251591 |
||
| 035 | _aEN-120164 | ||
| 037 | _bDBAD/PUB | ||
| 082 |
_a340 _212th |
||
| 100 | _aKrishnamurthy, K | ||
| 245 | 0 | 0 |
_aThe Indian Stamp Act / _cBy K Krishnamurthy ;M.R Hariharan Nair And Boris Paul |
| 250 | _a12th edition | ||
| 260 |
_aGurgaon _bLexisNexis _c2017 |
||
| 270 |
_a14th floor, Building No 10, Tower-B, DLF Cyber City, Phase-II , _bGurgaon _e122002 _k91-124-4774444 _l+91-124-4774100 _mhelp.in@lexisnexis.com |
||
| 300 |
_aclxxxvii,2236p.; _c25cm(hbk) |
||
| 500 | _aIncludes index | ||
| 700 | _aNair, M.R Hariharan | ||
| 700 | _aPaul, Boris | ||
| 942 |
_2ddc _cEN _mKRI _h340 |
||